Proba the Prophet : the Christian Virgilian Cento of Faltonia Betitia Proba /
In Proba the Prophet: The Christian Virgilian Cento of Faltonia Betitia Proba Sigrid Schottenius Cullhed offers an in-depth study and reappraisal of the Cento of Proba and its reception. Proba's poem belongs to the few extant Latin texts from Antiquity penned by a woman writer, and one of the o...
المؤلف الرئيسي:
مؤلفون آخرون:
التنسيق: كتاب الكتروني
اللغة:
English
Latin
منشور في:
Leiden ; Boston :
Brill,
[2015]
سلاسل:
Mnemosyne, Supplements
378.
Mnemosyne Supplements Online, Volumes 204-407, ISBN: 9789004322288.
الموضوعات:
الوصول للمادة أونلاين: Login to view Source
الوسوم: إضافة وسم
رقم الطلب: PA6801.A49 P828 2015
| LEADER | 03348nam a2200637 i 4500 | ||
|---|---|---|---|
| 001 | BRILL9789004289482 | ||
| 003 | nllekb | ||
| 005 | 20230529210324.0 | ||
| 006 | m d | ||
| 007 | cr un uuuua | ||
| 008 | 141204s2015 ne a sb 001 0 eng d | ||
| 010 | |a 2014047087 | ||
| 020 | |a 9789004289482 |q (electronic book) | ||
| 020 | |z 9789004264724 |q (print) | ||
| 024 | 7 | |a 10.1163/9789004289482 |2 DOI | |
| 035 | |a (OCoLC)899113770 | ||
| 040 | |a NL-LeKB |c NL-LeKB |e rda | ||
| 041 | 1 | |a eng |a lat |h lat | |
| 043 | |a aw----- |a e------ |a ff----- | ||
| 050 | 4 | |a PA6801.A49 |b P828 2015 | |
| 072 | 7 | |a PA |2 lcco | |
| 072 | 7 | |a BS |2 lcco | |
| 072 | 7 | |a DSBB |2 bicssc | |
| 072 | 7 | |a LIT011000 |2 bisacsh | |
| 082 | 0 | 4 | |a 873/.01 |2 23 |
| 100 | 1 | |a Cullhed, Sigrid Schottenius. | |
| 245 | 1 | 0 | |a Proba the Prophet : |b the Christian Virgilian Cento of Faltonia Betitia Proba / |c By Sigrid Schottenius Cullhed. |
| 264 | 1 | |a Leiden ; |a Boston : |b Brill, |c [2015] | |
| 300 | |a 1 online resource (262 pages) : |b illustrations. | ||
| 336 | |a text |b txt |2 rdacontent | ||
| 337 | |a computer |b c |2 rdamedia | ||
| 338 | |a online resource |2 rdacarrier | ||
| 490 | 1 | |a Mnemosyne supplements ; |v v. 378 | |
| 504 | |a Includes bibliographical references (p. 233-253) and indexes. | ||
| 505 | 0 | 0 | |a Front Matter -- Introduction -- Proba the Poet -- Proba and Her Critics -- Proba in the Republic of Women -- The Confessions of Proba -- Centonizing Genesis -- The Gospel of Proba -- The Cento of Proba -- Bibliography -- Indexes. |
| 506 | |a Available to subscribing member institutions only. | ||
| 520 | |a In Proba the Prophet: The Christian Virgilian Cento of Faltonia Betitia Proba Sigrid Schottenius Cullhed offers an in-depth study and reappraisal of the Cento of Proba and its reception. Proba's poem belongs to the few extant Latin texts from Antiquity penned by a woman writer, and one of the oldest Christian Latin poems. Schottenius Cullhed surveys and challenges common preconceptions and biographical constructions of the poem's author and early readers, and examines their impact on interpretations and evaluations of the text. The author also develops and puts to use an alternative model for understanding the poem and convincingly shows how the Virgilian source texts form a complex net of internal and external biblical typologies within the Cento . | ||
| 546 | |a Title page, criticism and commentary in English; text of the Cento in Latin with translation into English on opposite pages. | ||
| 559 | 4 | |a PA6801.A49 P828 2015 | |
| 600 | 0 | 0 | |a Proba, |d active 4th century. |t Cento. |
| 630 | 0 | 0 | |a Bible |x In literature. |
| 630 | 0 | 7 | |a Bible. |2 fast |
| 630 | 0 | 7 | |a Cento (Proba) |2 fast |
| 650 | 0 | |a Centos |x History and criticism. | |
| 650 | 7 | |a Centos. |2 fast | |
| 650 | 7 | |a Literature. |2 fast | |
| 655 | 7 | |a Criticism, interpretation, etc. |2 fast | |
| 700 | 0 | 2 | |a Proba, |d active 4th century. |t Cento. |
| 776 | 0 | |z 9789004289482 (online) | |
| 776 | 0 | |w (GyWOH)har155004460 | |
| 830 | 0 | |a Mnemosyne, Supplements |v 378. | |
| 830 | 0 | |a Mnemosyne Supplements Online, Volumes 204-407, ISBN: 9789004322288. | |
| 856 | 4 | |z DOI: |u http://dx.doi.org/10.1163/9789004289482 | |
| 942 | |2 lcc |c EBOOK | ||
| 952 | |0 0 |1 0 |2 lcc |4 0 |6 PA6801 A49 P828 02015 |7 1 |9 47860 |a BRILL |b BRILL |d 2023-05-29 |l 0 |o PA6801.A49 P828 2015 |r 2023-05-29 00:00:00 |w 2023-05-29 |y EBOOK | ||
| 999 | |c 53204 |d 53204 | ||
